Reinforced autoclaved aerated concrete: (Record no. 121655)

MARC details
000 -LEADER
fixed length control field 01911nam a2200241zu 4500
007 - PHYSICAL DESCRIPTION FIXED FIELD--GENERAL INFORMATION
fixed length control field ta
008 - FIXED-LENGTH DATA ELEMENTS--GENERAL INFORMATION
fixed length control field 230901s2023 xxk||||| ||||o00| 0 eng d
041 ## - LANGUAGE CODE
Language code of text/sound track or separate title eng
110 ## - MAIN ENTRY--CORPORATE NAME
9 (RLIN) 1637
Corporate author Department for Education
245 ## - TITLE STATEMENT
Title Reinforced autoclaved aerated concrete:
Subtitle identification guidance
260 ## - PUBLICATION INFORMATION
Publisher Department for Education,
Date August 2023
520 ## - ABSTRACT
Abstract Identify reinforced autoclaved aerated concrete (RAAC) in your education setting and inform the Department for Education (DfE) immediately via the DfE Capital Portal. This is non-statutory guidance for responsible bodies of state-funded education estates in England.<br/><br/>It can be used by all parties involved in the identification of RAAC in the relevant education estates.<br/><br/>RAAC panels may be present in floors, walls and roofs (pitched and flat) of buildings constructed or modified between the 1950s and 1990.<br/>The document provides guidance on:<br/>the identification of RAAC; <br/>the appointment of a building surveyor or structural engineer to confirm if RAAC is present in any of the buildings on your education estate; <br/>how to inform DfE, if RAAC is identified or suspected; <br/>what happens after DfE has been informed of RAAC on your education estate
650 ## - KEYWORDS
Keywords BUILDING DEFECTS
650 ## - KEYWORDS
Keywords CONCRETE
650 ## - KEYWORDS
Keywords EDUCATION BUILDINGS
650 ## - KEYWORDS
Keywords REINFORCED AUTOCLAVED AERATED CONCRETE
650 ## - KEYWORDS
Keywords SCHOOLS
651 ## - SUBJECT ADDED ENTRY--GEOGRAPHIC NAME
Geographic name United Kingdom
690 ## - LOCAL SUBJECT ADDED ENTRY--TOPICAL TERM (OCLC, RLIN)
9 (RLIN) 6223
Topical term or geographic name as entry element Building materials & defects
710 ## - ADDED CORPORATE NAME
9 (RLIN) 1637
Added corporate author Department for Education
856 ## - ONLINE RESOURCE
Uniform Resource Identifier https://www.gov.uk/government/publications/reinforced-autoclaved-aerated-concrete-estates-guidance
Public note Latest versions and document history from GOV.UK
856 ## - ONLINE RESOURCE
Uniform Resource Identifier https://assets.publishing.service.gov.uk/government/uploads/system/uploads/attachment_data/file/1182001/GUIDE-DFE-XX-XX-T-X-9002-Reinforced_Autoclaved_Aerated_Concrete_Identification_Guidance-A-C02.pdf
Public note August 2023 guidance
Holdings
Withdrawn status Lost status Damaged status Koha normalized classification for sorting Not for loan Home library Current library Shelving location Date acquired Total Checkouts Full call number Date last seen Price effective from Koha item type
      ONLINE_PUBLICATION   Virtual Virtual Online 01/09/2023   ONLINE PUBLICATION 01/09/2023 01/09/2023 Online material